Acerte os países sede da Copa do Mundo pela imagem. - Statistics

Estatísticas Gerais
  • Esse quiz foi jogado 329 vezes
  • A pontuação média é 16 de 17
Estatísticas das Respostas
Imagem Resposta % Correto
Uruguai
100%
Brasil
99%
Coréia do Sul
99%
Estados Unidos
99%
França
99%
Suíça
99%
Itália
98%
Suécia
98%
Chile
96%
México
94%
Japão
93%
África do Sul
92%
Reino Unido
91%
Argentina
88%
Catar
88%
Alemanha
79%
Rússia
79%
Nenhum quiz correspondente encontrado
Distribuição das Pontuações
Porcentagem de Pessoas com Cada Pontuação
Percentil de Números Respondidos
Sua Pontuação Histórica
Você não jogou esse quiz